V mene mieru Prejav L. Brežneva na zasadaní Najvyššieho sovietu ZSSR

Bibliographic Details
Format: Article
Language:Slovak
Subjects:

MARC

LEADER 00000nab a2200000 a 4500
001 vtls000087707
003 SK-MaSNL
005 20260303031901.0
008 190131c1981 xo 0 slo
015 |a SNBRB19rr/mm-uuuuu 
035 |a CL0097810 
040 |a SNKBUCL  |b slo  |c SNKBUCL  |e AACR2 
041 0 |a slo 
044 |a xo  |c SK 
080 |a 328  |2 1981 
245 0 0 |a V mene mieru  |b Prejav L. Brežneva na zasadaní Najvyššieho sovietu ZSSR 
610 1 7 |a Sovietsky zväz.  |b Verchovnyj sovet  |2 snkbucl  |9 181012 
655 7 |a články z novín a časopisov  |2 snkbucl  |9 267496 
773 0 |t Práca  |g Roč. 36, č. 147 (24. 6. 1981), s. 1 a 3 
850 |a Slovenská národná knižnica v Martine  |a MTA001 
852 |a SNK  |b KIS3GCP 
958 |a RK 
992 |a RBX 
999 |c 1660913  |d 1662843